El juego del palo canario, según los Verga (Record no. 116365)

MARC details
000 -LEADER
campo de control de longitud fija 00663nam a2200169 4500
001 - NÚMERO DE CONTROL
campo de control 116365
003 - IDENTIFICADOR DE NÚMERO DE CONTROL
campo de control ES-MaACL
005 - FECHA Y HORA DE LA ÚLTIMA TRANSACCIÓN
campo de control 20230906190707.0
007 - CAMPO FIJO DE DESCRIPCIÓN FÍSICA--INFORMACIÓN GENERAL
campo de control de longitud fija t|
008 - DATOS DE LONGITUD FIJA--INFORMACIÓN GENERAL
campo de control de longitud fija 061121s1978 sp r ||||1| spa d
100 1# - ENTRADA PRINCIPAL--NOMBRE DE PERSONA
Nombre de persona Ossorio Acevedo, Francisco Antonio.
9 (RLIN) 87798
245 13 - MENCIÓN DEL TÍTULO
Título El juego del palo canario, según los Verga
Resto del título : la esperanza Tenerife /
Mención de responsabilidad, etc. textos de Francisco Antonio Ossorio Acevedo ; con fotografías de Francisco Javier Mangas Falcón.
260 ## - PUBLICACIÓN, DISTRIBUCIÓN, ETC.
Lugar de publicación, distribución, etc. Santa Cruz de Tenerife :
Nombre del editor, distribuidor, etc. [s.n.],
Fecha de publicación, distribución, etc. 1978 (
Fabricante Tall. Ideas EYA)
300 ## - DESCRIPCIÓN FÍSICA
Extensión 80 h., 74 lám. ;
Dimensiones 22 cm.
700 1# - ENTRADA AGREGADA--NOMBRE PERSONAL
Nombre de persona Mangas Falcón, Francisco Javier.
9 (RLIN) 76004
852 ## - LOCALIZACIÓN
Ubicación ES-MaACL
Número de control de estantería A-9473
Sublocalización o colección R.98003
Holdings
Estatus retirado Estado de pérdida Estado de daño No para préstamo Biblioteca de origen Biblioteca actual Ubicación en estantería Fecha de adquisición Fuente de adquisición Total de préstamos Signatura topográfica completa Código de barras Visto por última vez Precio de reemplazo Tipo de ítem Koha
        Biblioteca del Ateneo de Madrid Biblioteca del Ateneo de Madrid Depósito 1 17/01/2008     A-9473 1121343 23/02/2023 23/02/2023 Libro impreso